000 00597nam a2200205Ia 4500
005 20251020182521.0
008 200515s9999 xx 000 0 und d
082 _a69.003.28/M65
100 _aMinguet, Josep María
245 0 _aLow Cost Architecture
260 _aBarcelona
260 _bInstituto Monsa de Ediciones
260 _c2010
300 _bil.
500 _a1 ejemplar
520 _aReúne una selección de propuestas que responden a la escasez de presupuesto de una manera particularmente imaginativa
650 _aVIVIENDAS DEBAJO COSTO
942 _cLIB
999 _c1756
_d1756